000
00236nam a2200097Ia 4500
008
230907s9999||||xx |||||||||||||| ||und||
082
_a
621.43
_b
INT
245
0
_a
Internal combustion engine handbook :
300
_a
pages cm
942
_c
BK
999
_c
600301
_d
600301